Pays les plus médaillés aux Championnats d'Europe d'Athlétisme - Statistiques

Statistiques générales
  • Ce quiz a été pris 44 fois
  • Le résultat moyen est 18 sur 20
Statistiques - réponses
Hint Réponse % Correct
214 Allemagne
100%
239 Allemagne de l'Est
100%
131 Allemagne de l'Ouest
100%
219 France
100%
100 Espagne
98%
164 Italie
98%
338 Royaume-Uni
98%
41 Portugal
95%
150 Russie
95%
331 Union Soviétique
95%
90 Pays-Bas
93%
57 Norvège
90%
185 Pologne
90%
117 Suède
90%
44 Belgique
88%
47 Suisse
88%
106 Finlande
83%
59 Tchécoslovaquie
83%
66 Hongrie
80%
77 Ukraine
78%
Aucun quiz correspondant
Distribution des résultats
% des personnes avec chaque résultat
Percentile par nombre de réponses
Votre historique - résultats
Vous n’avez pas pris ce quiz